000 00394cam a2200157ua 4500
020 _a9788178089065
041 _aeng
_h
082 _a511.322
_bYEN/FU
100 _aJohn Yen, Rezalangari .
245 _aFuzzy Logic /
_cRezalangari, John Yen.
_hTextual Documents
260 _a :
_bPearson Education Asia ,
_c2003.
300 _a548 ; .
504 _a
942 _cBK
999 _c12380
_d12380